Spieler, die die CL und die WM gewonnen haben – Sudden Death - Statistiken

Allgemein
  • Dieses Quiz wurde 222 mal gespielt
  • Das Durchschnittsergebnis liegt bei 4 aus 15
Answers on the Grid
Answers color-coded by a green-red scale on the quiz's grid according to % correct below.
Zinedine Zidane
Thierry Henry
Bixente Lizarazu
Julian Álvarez
Andrés Iniesta
Kaká
Manuel Neuer
Ángel Di María
Olivier Giroud
Ousmane Dembélé
Ronaldinho
Didier Deschamps
Didi
N'Golo Kanté
Fabien Barthez
David Beckham
Neymar
Diego Maradona
Fabio Cannavaro
Mesut Özil
Mats Hummels
Pelé
Kylian Mbappé
Karim Benzema
Paolo Maldini
Antoine Griezmann
Zlatan Ibrahimović
Cristiano Ronaldo
Ronaldo (R9)
Gianluigi Buffon
 
Antwortstatistiken
Antwort % Korrekt
WM 2014 / CL 2013, 2020 Manuel Neuer
49%
WM 2010 / CL 2006, 2009, 2011, 2015 Andrés Iniesta
41%
WM 2018 / CL 2021 N'Golo Kanté
36%
WM 1998 / CL 2002 Zinedine Zidane
36%
WM 2022 / CL 2014 Ángel Di María
31%
WM 2018 / CL 2025 Ousmane Dembélé
31%
WM 2002 / CL 2006 Ronaldinho
25%
WM 2022 / CL 2023 Julian Álvarez
22%
WM 2002 / CL 2007 Kaká
21%
WM 2018 / CL 2021 Olivier Giroud
19%
WM 1998 / CL 2009 Thierry Henry
19%
WM 1998 / CL 2001 Bixente Lizarazu
12%
WM 1998 / CL 1993, 1996 Didier Deschamps
10%
WM 1998 / CL 1993 Fabien Barthez
7%
WM 1958, 1962 / CL 1960 Didi
6%
Keine übereinstimmenden Quizze gefunden
Verteilung der Resultate
Anzahl Personen mit jedem Resultat
Perzentil nach korrekt beantworteten Fragen
Ihre Resultats-Entwicklung
Sie haben dieses Quiz noch nicht gespielt